Fundamentals Of Human Anatomy (Record no. 153342)

MARC details
000 -LEADER
fixed length control field 00400nam a2200145Ia 4500
008 - FIXED-LENGTH DATA ELEMENTS--GENERAL INFORMATION
fixed length control field 230411s9999 xx 000 0 und d
020 ## - INTERNATIONAL STANDARD BOOK NUMBER
International Standard Book Number 81-7381-280-2
041 ## - LANGUAGE CODE
Language code of text/sound track or separate title eng
082 ## - DEWEY DECIMAL CLASSIFICATION NUMBER
Classification number A/611/CHA/CHA/B02114
100 ## - MAIN ENTRY--PERSONAL NAME
Personal name Chakrabarty N & Chakrabarty D
9 (RLIN) 177208
245 ## - TITLE STATEMENT
Title Fundamentals Of Human Anatomy
260 ## - PUBLICATION, DISTRIBUTION, ETC. (IMPRINT)
Name of publisher, distributor, etc. New Central Book Agency
Place of publication, distribution, etc. Kolkata
Date of publication, distribution, etc. 2004
300 ## - PHYSICAL DESCRIPTION
Extent 762p
Holdings
Withdrawn status Lost status Damaged status Not for loan Collection code Home library Current library Date acquired Vendor Cost, normal purchase price Total Checkouts Full call number Barcode Date last seen Cost, replacement price Bill Date Koha item type Original Barcode
          Smt. Bakul Tambat Institute of Nursing Education Smt. Bakul Tambat Institute of Nursing Education 27/10/2004 Donated 465.00   A 611 CHA CHA B02114 BTIN-BK-2114 11/04/2023 465.00 27/10/2004 Books B02114